Özbekistan / (Record no. 15530)

MARC details
000 -BAŞLIK
Sabit Uzunlukta Kontrol Alanı 00836nam a22002297a 4500
999 ## - SİSTEM KONTROL NUMARALARI (KOHA)
Koha Biblionumber 15530
Koha Biblioitemnumber 15530
003 - KONTROL NUMARASI IDENTIFIER
Denetim Alanı MIRAKIL
005 - SON İŞLEM TARİHİ VE ZAMANI
Denetim Alanı 20240301111500.0
008 - SABİT-BOY VERİ ELEMANLARI - GENEL BİLGİLER
Sabit Uzunlukta Kontrol Alanı 240301b tu ||||| |||| 00| 0 tur d
020 ## - ULUSLARARASI STANDART KİTAP NUMARASI
Uluslararası Standart Kitap Numarası 9789751748768
040 ## - KATALOGLAMA KAYNAK
Orijinal Kataloglama Ajansı TR-AnCHP
Metne Dönüştürmek Ajansı TR-AnCHP
041 ## - DİL KODU
Metin / Ses Parça Veya Ayrı Başlığın Dil Kodu tur
082 ## - DEWEY ONLU SINIFLANDIRMA NUMARASI
Sınıflandırma Numarası 958.7
Ürün Numarası Ö91 2021
090 ## - SINIFLAMA NUMARASI
Sınıflama Numarası 958.7 Ö91 2021
245 10 - BAŞLIK TABLOSU
Başlık Özbekistan /
Sorumluluk Tablosu, Vb editör: Prof. Dr. Salih Yılmaz
260 ## - YAYIN, DAĞITIM, VB
Yayın, Dağıtım, Vb Yeri Ankara :
Yayıncı, Dağıtıcı, Vs Adı Atatürk Kültür, Dil ve Tarih Yüksek Kurumu Atatürk Araştırma Merkezi,
Yayın, Dağıtım, Vb Tarihi 2021
300 ## - FİZİKSEL TANIM
Kapsam xxxvi, 409 sayfa ;
Boyutlar 24 cm.
490 0# - SERİSİ TABLOSU
Seri Beyanı Atatürk Kültür, Dil ve Tarih Yüksek Kurumu Atatürk Araştırma Merkezi yayını ;
Hacim / Ardışık Tanımı no: 504
504 ## - KAYNAKÇA VB NOT
Kaynakça Vb Notu Kaynakça: 379-409. sayfa<br/>
651 #0 - KONU KATMA GİRİŞ - COĞRAFİ ADI
9 (RLIN) 7635
Coğrafi İsim Özbekistan
856 ## - ELEKTRONİK YER VE ERİŞİM
Kamu Notu Dijital Nüshası için Partimizin Kütüphane Sorumlusu ile iletişime geçiniz.
942 ## - EKLENDİ GİRİŞ ELEMANLARI (KOHA)
Sınıflandırma Veya Raf Düzeni Kaynak Dewey Decimal Classification
Koha Öğesi Türü Books
Holdings
Kalıcı Konum Mevcut Konum Edinme Tarihi Toplam Check-Out'Lar Tam Çağrı Numarası Barkod Tarih Son Görülme İtibaren Geçerli Fiyatlar Koha Öğesi Türü
CHP Kütüphanesi CHP Kütüphanesi 03/01/2024   958.7 Ö91 2021 21405 03/01/2024 03/01/2024 Books